Sports Quiz

Random Sports or NBA Quiz
Score 0/100 Timer 15:00
0 Plays Today
Rank Answer % Correct
3LeBron James
93.5%
4James Harden
92.9%
1Giannis Antetokounmpo
92.9%
6Stephen Curry
91.9%
5Anthony Davis
91.8%
2Kawhi Leonard
90.6%
93Ja Morant
90.3%
32Chris Paul
90%
7Nikola Jokic
89.1%
9Damian Lillard
88.8%
8Joel Embiid
88%
12Russell Westbrook
84.9%
11Kyrie Irving
84.6%
15Ben Simmons
84.1%
10Paul George
81.8%
16Luka Doncic
80.2%
18Karl-Anthony Towns
80.1%
14Rudy Gobert
80.1%
17Kemba Walker
80%
19Bradley Beal
79.5%
13CJ McCollum
79.2%
21Jimmy Butler
79.1%
23Blake Griffin
77.4%
22Pascal Siakam
76.9%
30Devin Booker
76%
26D'Angelo Russell
75.7%
39Kyle Lowry
75.5%
25De'Aaron Fox
75.5%
20Donovan Mitchell
74.8%
35Jayson Tatum
74.1%
42Zion Williamson
73.6%
28Trae Young
72.9%
49Klay Thompson
72.7%
27Jamal Murray
72.7%
Rank Answer % Correct
46DeMar DeRozan
71.9%
36Khris Middleton
71.5%
33Victor Oladipo
71.2%
38Draymond Green
70.8%
24Mike Conley
69.5%
43Kevin Love
68.6%
37Al Horford
68.5%
34Kristaps Porzingis
67.7%
41LaMarcus Aldridge
66.3%
55Zach LaVine
66.1%
45Aaron Gordon
65.8%
70Gary Harris
65.5%
31Jrue Holiday
65.1%
52Andre Drummond
64.6%
58Lou Williams
63.6%
56Brandon Ingram
63.2%
51Jaylen Brown
63%
40Nikola Vucevic
62.6%
53Clint Capela
60.4%
47John Collins
59.5%
68Lonzo Ball
58.8%
44Myles Turner
58.8%
29Tobias Harris
58.7%
61Marc Gasol
56.2%
59Buddy Hield
51.8%
50Lauri Markkanen
51%
66Deandre Ayton
50.6%
75Steven Adams
50.2%
100Derrick White
48.3%
67Eric Bledsoe
47.9%
74Bogdan Bogdanovic
46.2%
62Joe Ingles
45.9%
54Jaren Jackson Jr.
45.5%
57Malcolm Brogdon
45.3%
Rank Answer % Correct
80Brook Lopez
43.6%
65Gordon Hayward
42.9%
77Kyle Kuzma
42.1%
86Josh Richardson
41.6%
63Domantas Sabonis
41.4%
72Montrezl Harrell
40.1%
60Caris LeVert
39.8%
92Julius Randle
39.7%
87Marcus Smart
39.2%
48Bojan Bogdanovic
39.1%
84Ricky Rubio
38.5%
73JJ Redick
38.4%
76Spencer Dinwiddie
37.6%
82P.J. Tucker
37.5%
95Jarrett Allen
36.9%
64Shai Gilgeous-Alexander
35%
83Jusuf Nurkic
34.5%
69Marvin Bagley III
33.8%
91Danilo Gallinari
33.1%
96Derrick Favors
32.1%
88Fred VanVleet
31.8%
79Patrick Beverley
31.7%
85Paul Millsap
30.9%
81Bam Adebayo
29.9%
78Eric Gordon
28.4%
99Evan Fournier
27.4%
90Otto Porter Jr.
24.9%
71Dejounte Murray
22.9%
98Mitchell Robinson
20.5%
97Robert Covington
20.5%
94Justise Winslow
19.4%
89Joe Harris
18.7%
Remove Ads.
Support Sporcle.
Get the best of Sporcle when you Go Orange. This ad-free experience offers more features, more stats, and more fun while also helping to support Sporcle. Thank you for becoming a member.

You're not logged in!

Compare scores with friends on all Sporcle quizzes.
OR
Log In

Show Comments

Extras

Created Sep 27, 2019ReportNominate
Tags:NBA Quiz, 100, 2020, ESPN, Player, Top 100

Top Quizzes Today


Score Distribution

Your Account Isn't Verified!

In order to create a playlist on Sporcle, you need to verify the email address you used during registration. Go to your Sporcle Settings to finish the process.

Report this User

Report this user for behavior that violates our Community Guidelines.

Details: